000 00432nam a2200169 a 4500
001 1777027203791
003 YourLibrary
005 20260424161208.0
008 260424s2001##################000#0#eng##
020 _a9780728203433
082 0 4 _a344.20645DEN.4
100 1 _aDenyer-Green, Barry,
_eauthor.
245 1 0 _aPlr 2000 :
260 _bEstate Gazette,
_c2001.
942 _cENGLISH
040 _aYourLibrary
_beng
_cYourLibrary
999 _c619882
_d619882